Music Quiz

Random Music or Kpop Quiz
Score 0/300 Timer 20:00
0 Plays Today
# Answer % Correct
34L
89.6%
143Min
87.2%
76D.O
84.3%
148N
83.3%
10Key
82.9%
6Taemin
82.1%
8Minho
81.3%
163V
81.3%
9Onew
80.5%
2Hyuna
79.9%
200Hyuna
79.9%
7Jonghyun
79.7%
137Jonghyun
79.7%
235Jun
78.9%
28G-Dragon
78%
27T.O.P
77%
72Kai
76.6%
81Kris
76.6%
30Taeyang
75.8%
21Amber
75.6%
80Luhan
74.8%
82Tao
74.4%
29Seungri
73.8%
79Lay
73.8%
26Daesung
73.4%
74Suho
73.4%
24Krystal
73.2%
71Sehun
72.8%
73Chanyeol
72.8%
22Sulli
72%
23Victoria
72%
75Baekhyun
72%
77Chen
72%
13Zelo
71.5%
161Jin
71.3%
25Luna
71.1%
40Sunny
69.9%
41Tiffany
69.5%
44Taeyeon
68.7%
78Xiumin
68.1%
38Jessica
67.7%
45Yoona
67.3%
97Leeteuk
67.3%
51Zico
66.1%
46Yuri
65.7%
39Seohyun
65.4%
48Bora
65.4%
107Siwon
65.2%
98Heechul
64.8%
268Heechul
64.8%
105Eunhyuk
64%
36Dongwoo
63.8%
12Yongguk
63.4%
32Hoya
63.4%
104Donghae
62.4%
61Changmin
62.2%
11Himchan
62%
100Shindong
61.8%
116G.O.
61.8%
47Hyorin
61.6%
141Suzy
61.2%
96Kyuhyun
61%
115Lee Hi
60.8%
256Henry
60.8%
120Mir
60.6%
43Sooyoung
60.4%
53P.O.
60.2%
33Sunggkyu
60%
15Daehyun
59.8%
42Hyoyeon
59.3%
1Gayoon
59.1%
158Rap Monster
58.7%
62U-Know
58.5%
177Niel
58.1%
59Junsu
57.9%
99Yesung
57.9%
139Minhyuk
57.9%
160Jimin
57.9%
202Jimin
57.9%
219Minhyuk
57.9%
14Jongup
57.7%
49Dasom
57.7%
152Kevin
57.7%
263Kevin
57.7%
142Fei
57.5%
84Yoseob
57.3%
102Ryeowook
57.3%
37Woohyun
57.1%
118Joon
57.1%
106Sungmin
56.9%
126Ren
56.9%
5Jiyoon
56.7%
58Jaejoong
56.7%
117Thunder
56.7%
291Changmin
56.5%
63Nana
56.3%
16Youngjae
56.1%
103Kangin
56.1%
109Baro
56.1%
144Jia
56.1%
# Answer % Correct
3Jihyun
55.9%
147Leo
55.1%
178C.A.P
54.9%
66Uee
54.5%
83Kikwang
54.3%
31Sungyeol
54.1%
50Soyu
53.9%
145Ravi
53.9%
56B-Bomb
53.5%
159Suga
53.5%
162Jungkook
53.5%
35Sungjong
53.3%
60Yoochun
53%
255Zhoumi
53%
4Sohyun
52.8%
296Taecyeon
52.6%
86Hyunseung
52.4%
110CNU
52.4%
179L.joe
52.4%
88Doojoon
52.2%
164J-Hope
52.2%
184Eunji
52%
199Eunji
52%
85Dongwoon
51.8%
176Ricky
51.4%
130JR
51.2%
57Taeil
51%
65Lizzy
51%
55Kyung
50.8%
124Hara
50.8%
146Ken
50.8%
153Eli
50.8%
54U-Kwon
50.6%
111Sandeul
50.4%
108Gongchan
50.2%
180Chunji
50.2%
131Hongki
50%
112Jinyoung
49.8%
87Junhyung
49.6%
119Seungho
49.6%
138Yonghwa
49.6%
149Hyuk
49.6%
101Kibum
49.4%
295Nichkhun
49.4%
210Gain
49%
64Raina
48.2%
20Zinger
48%
293Jun.K
47.8%
114BoA
47.6%
250Boa
47.6%
300Tablo
47.6%
127Aron
47.4%
150Hongbin
47.2%
204Mina
47.2%
52Jaehyo
46.7%
294Junho
46.3%
279Minah
46.1%
297Wooyoung
46.1%
214Ilhoon
45.9%
216Sungjae
45.7%
113IU
45.3%
181Naeun
45.1%
93Sohee
44.5%
19Hyosung
44.3%
217Peniel
44.3%
292Chansung
44.1%
17Sunhwa
43.9%
280Hyeri
43.9%
288Jo Kwon
43.7%
154Dongho
43.5%
156Kiseop
43.3%
157AJ
43.3%
129Baekho
43.1%
168Jiyeon
43.1%
263Jiyeon
43.1%
212Narsha
42.9%
183Bomi
42.7%
18Jieun
42.5%
174Ailee
42.5%
125Nicole
42.3%
128Minhyun
41.7%
218Eunkwang
41.7%
121Gyuri
41.5%
155Hoon
41.1%
91Yubin
40.9%
182Chorong
40.9%
151Soohyun
40.7%
257Qri
40%
136Jungshin
39.8%
211JeA
38.8%
209Miryo
38.2%
213Changsub
37.8%
260Boram
37.8%
277Yura
37.8%
215Hyunsik
37.6%
271Hyunsik
37.6%
123Jiyoung
37%
92Sunye
36.8%
264Kwanghee
36.6%
229K-Will
36.2%
# Answer % Correct
261Eunjung
36%
266Siwan
35.8%
290Seulong
35.8%
278Sojin
34.6%
289Jinwoon
33.1%
133Jaejin
32.9%
259Hyomin
32.9%
69E-Young
32.7%
185Namjoo
32.5%
67Jungah
32.3%
203Choa
32.3%
122Seungyeon
31.5%
90G.na
30.9%
94Yeeun
30.7%
132Jonghun
30.7%
258Soyeon
30.3%
186Hayoung
29.9%
134Seunghyun
29.7%
95Hyelim
28.9%
135Minhwan
28.9%
265Dongjun
28.7%
70Kaeun
28.3%
140Se7en
27.2%
188Hanbyul
26.8%
207Seolhyun
25.8%
243Jaekyung
25.6%
228Jay Park
25.2%
175Chanjo
25%
205Yuna
24.4%
220Daniel
24.2%
68Jooyeon
24%
173Lee Hyori
23.8%
267Minwoo
23.6%
201Chanmi
22.6%
241Woori
22.6%
237Insoo
21.5%
89PSY
21.1%
236Gunwoo
20.7%
223Simon
20.1%
270Junyoung
19.9%
299DJ Tukutz
19.9%
196Minha
19.5%
197Kyungri
19.1%
239Chaejin
18.9%
240JunQ
18.3%
282Serri
18.3%
238Seyong
17.9%
244Jisook
17.9%
281Subin
17.9%
193Sera
17.5%
221Inati
17.5%
298Mithra Jin
17.3%
269Taeheon
16.9%
208Hyejeong
16.5%
251Bohyung
16.5%
172Dohee
16.1%
254Jiwon
16.1%
187Kyumin
15.7%
230King
15.7%
246Hyunyoung
14.2%
234AO
14%
171Mint
13.8%
194Hyemi
13.8%
242Seungah
13.8%
245Noeul
13.6%
231E.Den
13.2%
232Rasa
13.2%
286Gaeun
13.2%
166Dahee
12.8%
252Narae
12.4%
198Sungah
11.6%
285Ayoung
11.4%
165Zinni
11%
206Youkyung
11%
222Dari
11%
253Juhyun
10.8%
192Lee Sem
10.6%
195Euaerin
10.6%
283Woohee
10.6%
233J-Hyo
10.4%
247Yoonhye
10.2%
272Say
10.2%
170J Min
9.8%
273Jucy
9.8%
226Eric Nam
9.3%
248Son Dam Bi
9.3%
167Miso
8.9%
189Youngjun
8.9%
191Kwangyeon
8.9%
284Jiyul
8.9%
224Donglim
8.7%
225Jeesu
8.5%
190Hyoseok
8.1%
276J-Da
8.1%
274Hayana
7.7%
275Yull
7.5%
287Viki
5.7%
169Myungji
5.5%
227Roy Kim
4.1%
249Seo In Young
2.4%

You're not logged in!

Compare scores with friends on all Sporcle quizzes.
OR
Log In

Sporcle TV

Today on Sporcle TV


Watch our educational content, quiz creation guides, and fun videos on Sporcle TV.

Show Comments

Extras

Created Oct 31, 2013SourceReportNominate
Tags:Kpop Quiz, Kpop Quiz, mouth

Top Quizzes Today


Score Distribution

Paid Content

Your Account Isn't Verified!

In order to create a playlist on Sporcle, you need to verify the email address you used during registration. Go to your Sporcle Settings to finish the process.

Report this User

Report this user for behavior that violates our Community Guidelines.

Details: